Geograficzne Prawda czy Fałsz - Statystyki

Ogólne statystyki
  • Ten quiz został rozwiązany 19 razy
  • Średni wynik to 14 z 15
Statystyki odpowiedzi
Pytanie Odpowiedź % Poprawnych
Rosja ma więcej terenów w Europie niż w Azji Fałsz
100%
Morze Barentsa znajduje się przy Indonezji Fałsz
100%
Laponia jest Bułgarskim regionem Fałsz
94%
Miasto "Attaj" należy do Kazachstanu Fałsz
94%
Polska dołączyła do Unii Europejskiej w 1989 roku Fałsz
94%
W 2001 powstał most łączący Rosję i Stany Zjednoczone Fałsz
94%
Regina to kanadyjska wieś Fałsz
94%
Stolica Madagaskaru "Antananarywa" to stolica z najdłuższą nazwą Fałsz
94%
W Europie od Kalifornii bogatsze są tylko Niemcy Prawda
94%
Botswana to państwo na południu Afryki Prawda
94%
Orlando znajduje się na Florydzie Prawda
94%
Wielka Brytania wyszła z Unii Europejskiej w 2020 Prawda
94%
Pekin jest w północnej części Chin Prawda
94%
Afryka jest większa od Grenlandii o 14 razy Prawda
94%
Miasto "Dżajpur" jest w Indiach Prawda
89%
Nie znaleziono quizów pasujących do podanych kryteriów
Rozkład punktacji
Procent ludzi z każdym wynikiem
Percentyl według liczby udzielonych odpowiedzi
Twoja historia wyników
Nie rozwiązałeś tego quizu